书目信息 |
| 题名: |
文物集刊
|
|
| 作者: | ;文物编辑委员会 编 | |
| 分册: | 2 | |
| 出版信息: | 北京 文物出版社 1980-1981 |
|
| 页数: | 221页 | |
| 开本: | 25cm | |
| 丛书名: | ||
| 单 册: | ||
| 中图分类: | K87-55 , G26-55 | |
| 科图分类: | ||
| 主题词: | 文物--中国--丛刊 , 博物馆学 , 博物馆事业 | |
| 电子资源: | ||
| ISBN: | ||
| 000 | 00724nam0 2200277 45 | |
| 001 | 0180000638 | |
| 005 | 20040506083216.9 | |
| 010 | @dCNY1.70 | |
| 091 | @a7068.817 | |
| 100 | @a19950127f19801981emky0chiy0121 ea | |
| 101 | 0 | @achi |
| 102 | @aCN@b110000 | |
| 105 | @ay z 000yy | |
| 106 | @ar | |
| 200 | 10 | @a文物集刊@h2@Awen wu ji kan@f文物编辑委员会编 |
| 210 | @a北京@c文物出版社@d1980-1981 | |
| 215 | @a221页@d25cm | |
| 606 | @a文物@y中国@x丛刊 | |
| 606 | 0 | @a博物馆学 |
| 606 | 0 | @a博物馆事业 |
| 690 | @aK87-55@v3 | |
| 690 | @aG26-55 | |
| 711 | 02 | @a文物编辑委员会@Awen wu bian ji wei yuan hui@4编 |
| 801 | 0 | @aCN@b上海图书馆@c20040506 |
| 801 | 2 | @aCN@bNLC@c20040506 |
| 905 | @f2@b34763-764@dG26-55@e2/80 | |
| 文物集刊.2/文物编辑委员会编.-北京:文物出版社,1980-1981 |
| 221页;25cm |
| ISBN :CNY1.70 |
| ● |
| 相关链接 |
|
|
|
|
正题名:文物集刊
索取号:G26-55/2/80
 
预约/预借
| 序号 | 登录号 | 条形码 | 馆藏地/架位号 | 状态 | 备注 |
| 1 | 0034763 | 000989773 | 第一样本阅览室/ [索取号:G26-55/2/80] | 在馆 | |
| 2 | 0034764 | 000989782 | 第四借阅区/ [索取号:G26-55/2/80] | 在馆 |